[Event "Junior Online 4NCL Division 3"]
[Site "online"]
[Date "2021.03.04"]
[EventDate "2021.03.04"]
[Round "4.152"]
[White "Siddharth, Lakshan"]
[WhiteElo "1579"]
[WhiteTeam "KEGS A"]
[Black "Das, Anish"]
[BlackElo "1015"]
[BlackTeam "Leicestershire Juniors 3"]
[Result "1-0"]
[PlyCount "51"]

1. e4 c6 2. Nf3 d5 3. Nc3 dxe4 4. Nxe4 Bf5 5. Ng3 Bg6 6. d4 Nf6 7. h4 h6 8. Ne5 Bh7 9. Bd3 Nbd7 10. Bxh7 Rxh7 11. Qe2 e6 12. Bd2 Bd6 13. O-O-O Qb6 14. Rhe1 Bxe5 15. dxe5 Nd5 16. c4 Nc7 17. Qd3 g6 18. Be3 Nc5 19. Qd6 N7a6 20. Ne4 Rd8 21. Qxd8+ Qxd8 22. Rxd8+ Kxd8 23. Bxc5 Nxc5 24. Nxc5 b6 25. Rd1+ Kc7 26. Ne4 1-0

[Event "Junior Online 4NCL Division 3"]
[Site "online"]
[Date "2021.03.04"]
[EventDate "2021.03.04"]
[Round "4.154"]
[White "Arun Jacob, Nigel A"]
[WhiteElo "1455"]
[WhiteTeam "KEGS A"]
[Black "Sehgal, Garv"]
[BlackElo "955"]
[BlackTeam "Leicestershire Juniors 3"]
[Result "1-0"]
[PlyCount "93"]

1. d4 d5 2. c4 dxc4 3. e3 e6 4. Bxc4 Bb4+ 5. Bd2 Bxd2+ 6. Nxd2 Nf6 7. Ngf3 O-O 8. h3 Nc6 9. a3 Ne7 10. Qb3 Ng6 11. Rc1 c6 12. Bd3 Bd7 13. Qxb7 a5 14. Qb3 a4 15. Qa2 c5 16. Rxc5 Qb6 17. O-O Rab8 18. Nc4 Qb3 19. Qxb3 axb3 20. Nce5 Nxe5 21. Nxe5 Ba4 22. g4 Rfc8 23. Ra5 Bc6 24. Nxc6 Rxc6 25. Rb5 Rxb5 26. Bxb5 Rc2 27. Rb1 Ne4 28. Ba4 Nd2 29. Rd1 Rxb2 30. Rc1 Rb1 31. Rxb1 Nxb1 32. Bxb3 Nxa3 33. Kg2 g6 34. Kf3 Kg7 35. Ke4 f5+ 36. Ke5 fxg4 37. hxg4 Kf7 38. Bxe6+ Kg7 39. Bd5 h5 40. Be4 hxg4 41. Bd3 g5 42. d5 Kh6 43. d6 Kh5 44. d7 Kh4 45. d8=Q g3 46. Qh8+ Kg4 47. Be2# 1-0

[Event "Junior Online 4NCL Division 3"]
[Site "online"]
[Date "2021.03.04"]
[EventDate "2021.03.04"]
[Round "4.155"]
[White "Smith, Ryan S"]
[WhiteElo "1769"]
[WhiteTeam "KEGS A"]
[Black "Hilmi, Sofia"]
[BlackElo "1148"]
[BlackTeam "Leicestershire Juniors 3"]
[Result "1-0"]
[PlyCount "61"]

1. e4 e5 2. Nc3 Nf6 3. f4 d6 4. Nf3 Nc6 5. Bb5 Bg4 6. h3 Bh5 7. g4 a6 8. Bxc6+ bxc6 9. gxh5 Nxh5 10. fxe5 dxe5 11. d3 Bb4 12. Bd2 Qe7 13. a3 Bc5 14. Rh2 O-O 15. Qe2 Ng3 16. Qg2 Nh5 17. Qg4 g6 18. Rg2 Nf6 19. Qg5 Rab8 20. b3 Bd4 21. Nxd4 exd4 22. Ne2 Rfd8 23. h4 Qe6 24. Nf4 Qd6 25. e5 Qc5 26. exf6 Qxg5 27. hxg5 Re8+ 28. Kf2 Re5 29. Rh1 Rbe8 30. Rgh2 Rf5 31. Rxh7 1-0

[Event "Junior Online 4NCL Division 3"]
[Site "online"]
[Date "2021.03.04"]
[EventDate "2021.03.04"]
[Round "4.156"]
[White "Das, Anish"]
[WhiteElo "1015"]
[WhiteTeam "Leicestershire Juniors 3"]
[Black "Siddharth, Lakshan"]
[BlackElo "1579"]
[BlackTeam "KEGS A"]
[Result "0-1"]
[PlyCount "24"]

1. e4 Nf6 2. e5 Nd5 3. d4 d6 4. Nf3 Nc6 5. Bc4 Nb6 6. Bxf7+ Kxf7 7. Ng5+ Ke8 8. Qf3 Nxd4 9. Qf7+ Kd7 10. e6+ Kc6 11. O-O g6 12. Qf4 Ne2+ 0-1

[Event "Junior Online 4NCL Division 3"]
[Site "online"]
[Date "2021.03.04"]
[EventDate "2021.03.04"]
[Round "4.158"]
[White "Sehgal, Garv"]
[WhiteElo "955"]
[WhiteTeam "Leicestershire Juniors 3"]
[Black "Arun Jacob, Nigel A"]
[BlackElo "1455"]
[BlackTeam "KEGS A"]
[Result "0-1"]
[PlyCount "70"]

1. e4 c5 2. Bc4 Nc6 3. Nc3 Nf6 4. Nf3 d6 5. Qe2 a6 6. d3 Bd7 7. Bg5 g6 8. O-O-O Bg7 9. Nd2 b5 10. Bxb5 axb5 11. Nxb5 Rxa2 12. Nc3 Ra1+ 13. Ndb1 Nd4 14. Qe3 Qb6 15. b3 Ng4 16. Qg3 Qb4 17. Nd5 Nxb3+ 18. cxb3 Qxb3 19. Kd2 Qb2+ 20. Ke1 Rxb1 21. Rxb1 Qxb1+ 22. Ke2 Qc2+ 23. Bd2 Be5 24. Qxe5 dxe5 25. Ne3 Nxe3 26. fxe3 c4 27. Rc1 Bg4+ 28. Kf2 Qxd3 29. Kg3 Qxd2 30. Kxg4 Qxc1 31. g3 Qxe3 32. Kh3 h5 33. Kg2 Qe2+ 34. Kh3 g5 35. g4 Qf3# 0-1

[Event "Junior Online 4NCL Division 3"]
[Site "online"]
[Date "2021.03.04"]
[EventDate "2021.03.04"]
[Round "4.161"]
[White "Grahame, Silas"]
[WhiteElo "1075"]
[WhiteTeam "Harrow Juniors F"]
[Black "Das, Devorshi"]
[BlackElo "1174"]
[BlackTeam "Uxbridge Juniors Berzerkers"]
[Result "1/2-1/2"]
[PlyCount "115"]

1. e4 e5 2. Nf3 Nc6 3. Bb5 a6 4. Bxc6 dxc6 5. O-O Bd6 6. d3 Nf6 7. Bg5 O-O 8. Bxf6 Qxf6 9. Nc3 Bg4 10. h3 Bh5 11. Qe2 Bxf3 12. Qxf3 Qxf3 13. gxf3 h6 14. Kh1 Rfe8 15. Rg1 Be7 16. Rad1 Bh4 17. d4 exd4 18. Ne2 Bxf2 19. Rgf1 Be3 20. Nxd4 Rad8 21. Nf5 Rxd1 22. Rxd1 Bf4 23. h4 Be5 24. Kg2 Kh7 25. h5 g6 26. hxg6+ fxg6 27. Rd7+ Kh8 28. Nxh6 Bg7 29. Ng4 Kg8 30. Rxc7 Rb8 31. f4 Bxb2 32. Nf6+ Bxf6 33. f5 gxf5 34. exf5 Be5 35. Re7 Bg7 36. Kf3 Kh7 37. f6 Rf8 38. Rxg7+ Kh6 39. Rxb7 Rxf6+ 40. Kg4 Rf2 41. Rb6 Rxc2 42. Rxa6 Kg7 43. Kf3 Rd2 44. Rxc6 Rxa2 45. Ke4 Ra4+ 46. Kd5 Ra5+ 47. Kd6 Rh5 48. Rc7+ Kf6 49. Re7 Rh4 50. Re6+ Kf5 51. Re5+ Kf4 52. Kd5 Rh3 53. Re4+ Kf5 54. Re5+ Kf6 55. Re6+ Kf5 56. Re5+ Kf4 57. Re4+ Kf5 58. Re5+ 1/2-1/2

[Event "Junior Online 4NCL Division 3"]
[Site "online"]
[Date "2021.03.04"]
[EventDate "2021.03.04"]
[Round "4.162"]
[White "Mangalagiri, Pranav"]
[WhiteElo "1103"]
[WhiteTeam "Uxbridge Juniors Berzerkers"]
[Black "Wang, Xiling"]
[BlackElo "894"]
[BlackTeam "Harrow Juniors F"]
[Result "0-1"]
[PlyCount "88"]

1. e4 e5 2. Nf3 Nc6 3. Bb5 Nf6 4. O-O Bc5 5. d3 d6 6. c3 Bb6 7. Nbd2 O-O 8. h3 h6 9. Re1 a6 10. Ba4 Be6 11. Nf1 Na5 12. b4 Nc6 13. a3 Na7 14. Be3 Nd7 15. Bxd7 Qxd7 16. Bxb6 cxb6 17. Ne3 Nb5 18. c4 Nc3 19. Qb3 b5 20. Qxc3 bxc4 21. Nxc4 Rac8 22. Rac1 b5 23. Qd2 bxc4 24. dxc4 Rxc4 25. Rxc4 Bxc4 26. Rc1 Bb5 27. Rd1 Rd8 28. Nh4 g6 29. Qxh6 Ba4 30. Rd2 Qc7 31. Rd5 Bb3 32. Ra5 Qe7 33. Rxa6 Bc4 34. Ra5 Qc7 35. Nf3 Be2 36. Ng5 Qc1+ 37. Kh2 Qf4+ 38. Kh1 Qc1+ 39. Kh2 Qf4+ 40. g3 Qxf2+ 41. Kh1 Bf3+ 42. Nxf3 Qxf3+ 43. Kg1 Qe3+ 44. Kf1 Qxh6 0-1

[Event "Junior Online 4NCL Division 3"]
[Site "online"]
[Date "2021.03.04"]
[EventDate "2021.03.04"]
[Round "4.163"]
[White "Patel-Davis, Riyan"]
[WhiteElo "876"]
[WhiteTeam "Harrow Juniors F"]
[Black "Palampathi, Sanjit"]
[BlackElo "1088"]
[BlackTeam "Uxbridge Juniors Berzerkers"]
[Result "0-1"]
[PlyCount "36"]

1. e4 e5 2. Nf3 Nc6 3. Nc3 Nf6 4. Bb5 Be7 5. d3 d6 6. Bxc6+ bxc6 7. Be3 d5 8. Ng5 O-O 9. exd5 cxd5 10. Nf3 d4 11. Nb5 dxe3 12. fxe3 c6 13. Nc3 Nd5 14. Nxe5 Nxc3 15. bxc3 Qd5 16. d4 Qxg2 17. Rf1 Bh4+ 18. Rf2 Qxf2# 0-1

[Event "Junior Online 4NCL Division 3"]
[Site "online"]
[Date "2021.03.04"]
[EventDate "2021.03.04"]
[Round "4.164"]
[White "Kapoor, Devansh"]
[WhiteElo "1024"]
[WhiteTeam "Uxbridge Juniors Berzerkers"]
[Black "Horwood, Alexander"]
[BlackElo "640"]
[BlackTeam "Harrow Juniors F"]
[Result "1-0"]
[PlyCount "27"]

1. e4 e5 2. Bc4 Nf6 3. Nf3 Nc6 4. Ng5 Bc5 5. Nxf7 Bxf2+ 6. Kf1 Rf8 7. Nxd8 Kxd8 8. Kxf2 Nxe4+ 9. Kg1 Nf2 10. Qh5 Nxh1 11. Qh4+ Ke8 12. d4 exd4 13. Bg5 Na5 14. Qe4# 1-0

[Event "Junior Online 4NCL Division 3"]
[Site "online"]
[Date "2021.03.04"]
[EventDate "2021.03.04"]
[Round "4.165"]
[White "Das, Devorshi"]
[WhiteElo "1174"]
[WhiteTeam "Uxbridge Juniors Berzerkers"]
[Black "Grahame, Silas"]
[BlackElo "1075"]
[BlackTeam "Harrow Juniors F"]
[Result "1-0"]
[PlyCount "23"]

1. e4 e5 2. Bc4 Nc6 3. Qh5 g6 4. Qf3 Nf6 5. Nc3 Nd4 6. Qd3 Nc6 7. Nf3 Ng4 8. O-O Bc5 9. Qd5 Bxf2+ 10. Rxf2 Nxf2 11. Kxf2 d6 12. Qxf7# 1-0

[Event "Junior Online 4NCL Division 3"]
[Site "online"]
[Date "2021.03.04"]
[EventDate "2021.03.04"]
[Round "4.166"]
[White "Wang, Xiling"]
[WhiteElo "894"]
[WhiteTeam "Harrow Juniors F"]
[Black "Mangalagiri, Pranav"]
[BlackElo "1103"]
[BlackTeam "Uxbridge Juniors Berzerkers"]
[Result "0-1"]
[PlyCount "114"]

1. e4 c5 2. Nf3 Nc6 3. Bb5 e6 4. Bxc6 dxc6 5. d4 cxd4 6. Qxd4 Qxd4 7. Nxd4 Nf6 8. Bg5 Nxe4 9. Be3 Bc5 10. f3 Bxd4 11. Bxd4 Nf6 12. Bxf6 gxf6 13. Kf2 O-O 14. Nc3 b6 15. Rad1 Ba6 16. Rd6 c5 17. Rhd1 Bc4 18. b3 Ba6 19. Re1 c4 20. Re4 cxb3 21. axb3 Rac8 22. Ra4 Rxc3 23. Rxa6 Rxc2+ 24. Kg3 Rc7 25. Rd4 Kh8 26. Rc4 Rg8+ 27. Kh3 Rxc4 28. bxc4 Ra8 29. g4 Kg7 30. Kh4 Kg6 31. f4 h6 32. Kg3 f5 33. h3 fxg4 34. hxg4 f5 35. Kh4 fxg4 36. Kxg4 Rc8 37. Rxa7 Rxc4 38. Ra3 Rc6 39. Rg3 h5+ 40. Kh4+ Kh6 41. Rg5 Rc5 42. Rg8 b5 43. Rh8+ Kg6 44. Rg8+ Kf7 45. Rb8 Rf5 46. Kg3 e5 47. Rxb5 exf4+ 48. Kf3 Rxb5 49. Kxf4 Rb8 50. Kg5 Rh8 51. Kh4 Kf6 52. Kh3 h4 53. Kh2 h3 54. Kh1 h2 55. Kg2 h1=Q+ 56. Kg3 Rh3+ 57. Kf4 Qf3# 0-1

[Event "Junior Online 4NCL Division 3"]
[Site "online"]
[Date "2021.03.04"]
[EventDate "2021.03.04"]
[Round "4.167"]
[White "Palampathi, Sanjit"]
[WhiteElo "1088"]
[WhiteTeam "Uxbridge Juniors Berzerkers"]
[Black "Patel-Davis, Riyan"]
[BlackElo "876"]
[BlackTeam "Harrow Juniors F"]
[Result "1-0"]
[PlyCount "59"]

1. e4 e5 2. Nf3 Nc6 3. Bc4 Bc5 4. Nc3 Nf6 5. d3 h6 6. O-O d6 7. Be3 Be6 8. Bxe6 fxe6 9. Bxc5 dxc5 10. Ne2 Nd4 11. Nxe5 Qd6 12. Nc4 Qa6 13. e5 Nd7 14. Nf4 Rf8 15. Nxe6 Qxe6 16. c3 b5 17. cxd4 bxc4 18. dxc4 cxd4 19. Qxd4 Qxe5 20. Rfe1 c5 21. Rxe5+ Nxe5 22. Qxe5+ Kd8 23. Qd5+ Kc8 24. Qxa8+ Kd7 25. Qxf8 a5 26. Rd1+ Ke6 27. Qxc5 g5 28. Rd6+ Ke7 29. Qc7+ Ke8 30. Rd8# 1-0

[Event "Junior Online 4NCL Division 3"]
[Site "online"]
[Date "2021.03.04"]
[EventDate "2021.03.04"]
[Round "4.168"]
[White "Horwood, Alexander"]
[WhiteElo "640"]
[WhiteTeam "Harrow Juniors F"]
[Black "Kapoor, Devansh"]
[BlackElo "1024"]
[BlackTeam "Uxbridge Juniors Berzerkers"]
[Result "1-0"]
[PlyCount "41"]

1. e4 e6 2. d4 c5 3. dxc5 Bxc5 4. Nf3 Qa5+ 5. c3 b6 6. Nbd2 Nc6 7. Nc4 Bxf2+ 8. Kxf2 Qc5+ 9. Ke1 Ba6 10. Nd6+ Kf8 11. e5 Bxf1 12. Rxf1 f6 13. Nb7 Qb5 14. Qd6+ Ke8 15. Qd2 Nxe5 16. Nd6+ Kd8 17. Nxb5 Nxf3+ 18. Rxf3 Nh6 19. Qd4 e5 20. Qd6 Rc8 21. Rd3 1-0

[Event "Junior Online 4NCL Division 3"]
[Site "online"]
[Date "2021.03.18"]
[EventDate "2021.03.18"]
[Round "5.11"]
[White "Sarkar, Rian"]
[WhiteElo "1592"]
[WhiteTeam "Barnet Knights B"]
[Black "Barringer-Allen, William B"]
[BlackElo "1340"]
[BlackTeam "Edgware Gambits C"]
[Result "1-0"]
[PlyCount "121"]

1. d4 d5 2. c4 e6 3. Nf3 Nc6 4. Nc3 Nf6 5. Bg5 Be7 6. e3 h6 7. Bh4 O-O 8. Rc1 b6 9. cxd5 exd5 10. Bb5 Bb7 11. O-O a6 12. Ba4 b5 13. Bb3 Nb8 14. Bg3 Bd6 15. Ne2 Ne4 16. Bxd6 Qxd6 17. Nc3 Nd7 18. Qc2 Nxc3 19. Qxc3 Rac8 20. Bc2 Nf6 21. Nh4 Ng4 22. g3 Nf6 23. Nf5 Qe6 24. Qc5 Ne4 25. Bxe4 Qxe4 26. Ne7+ Kh7 27. Nxc8 Rxc8 28. Qc2 Qxc2 29. Rxc2 c6 30. Rc5 Rc7 31. f3 Kg6 32. e4 dxe4 33. fxe4 Bc8 34. d5 Bd7 35. Rfc1 Kf6 36. dxc6 Bh3 37. Kf2 Ke6 38. Kf3 g5 39. g4 h5 40. gxh5 Kf6 41. e5+ Kg7 42. Kg3 Be6 43. h4 Kh6 44. hxg5+ Kxh5 45. Kf4 Kg6 46. a3 Bc4 47. a4 Kg7 48. axb5 axb5 49. R1xc4 bxc4 50. Rxc4 Kf8 51. b4 Ke7 52. Kf5 Rc8 53. b5 Kd8 54. b6 Ra8 55. b7 Rb8 56. c7+ Kd7 57. cxb8=N+ Ke7 58. Rc7+ Kd8 59. Rd7+ Ke8 60. Kf6 Kf8 61. Rd8# 1-0

[Event "Junior Online 4NCL Division 3"]
[Site "online"]
[Date "2021.03.18"]
[EventDate "2021.03.18"]
[Round "5.12"]
[White "Gill, Veer"]
[WhiteElo "1306"]
[WhiteTeam "Edgware Gambits C"]
[Black "Gardner, Kai"]
[BlackElo "1487"]
[BlackTeam "Barnet Knights B"]
[Result "1-0"]
[PlyCount "87"]

1. e4 d5 2. exd5 Nf6 3. Nf3 Nxd5 4. d4 Nf6 5. Bc4 e6 6. O-O Nc6 7. Re1 Be7 8. Bg5 O-O 9. c3 h6 10. Bh4 Nh7 11. Bxe7 Qxe7 12. Nbd2 Bd7 13. Ne5 Nxe5 14. Rxe5 c6 15. Nf3 b5 16. Bb3 Nf6 17. Qd2 a5 18. Rae1 a4 19. Bc2 Ng4 20. R5e2 Rae8 21. Qd3 g6 22. h3 Nf6 23. Qd2 Kg7 24. Ne5 Qd6 25. Nxd7 Nxd7 26. Qe3 f6 27. Qd3 f5 28. b3 e5 29. bxa4 e4 30. Qd1 Nf6 31. axb5 cxb5 32. Qb1 Nd5 33. Qb3 Rc8 34. Rd2 Nxc3 35. Re3 Nd5 36. Rg3 Nf6 37. Qxb5 Qe6 38. Bb3 Qe7 39. Qe5 Rc1+ 40. Kh2 Qxe5 41. dxe5 Nh5 42. Rd7+ Kh8 43. Rxg6 Nf4 44. Rxh6# 1-0

[Event "Junior Online 4NCL Division 3"]
[Site "online"]
[Date "2021.03.18"]
[EventDate "2021.03.18"]
[Round "5.13"]
[White "Tokar, Kyrylo"]
[WhiteElo "1479"]
[WhiteTeam "Barnet Knights B"]
[Black "Milani-Foglia, Aurelio"]
[BlackElo "1281"]
[BlackTeam "Edgware Gambits C"]
[Result "1-0"]
[PlyCount "53"]

1. e4 e6 2. d4 d5 3. exd5 exd5 4. c4 Nf6 5. Nc3 Bf5 6. Bg5 dxc4 7. Bxc4 Be7 8. Nf3 O-O 9. O-O Nfd7 10. Bxe7 Qxe7 11. Re1 Qd6 12. Nb5 Qc6 13. Qb3 Na6 14. d5 Qc5 15. Rad1 Nb4 16. Nfd4 Bg6 17. Re3 Rfe8 18. Rg3 a6 19. Nc3 b5 20. Bf1 a5 21. a3 Na6 22. Ncxb5 Nab8 23. Rc3 Qb6 24. Nxc7 Qxb3 25. Nxb3 Bf5 26. Nxe8 Na6 27. Nd6 1-0

[Event "Junior Online 4NCL Division 3"]
[Site "online"]
[Date "2021.03.18"]
[EventDate "2021.03.18"]
[Round "5.14"]
[White "Zhou, Richard"]
[WhiteElo "1300"]
[WhiteTeam "Edgware Gambits C"]
[Black "Belur, Ankita"]
[BlackElo "1457"]
[BlackTeam "Barnet Knights B"]
[Result "0-1"]
[PlyCount "22"]

1. d4 d6 2. e4 Nf6 3. Nc3 g6 4. Bg5 Bg7 5. Nf3 O-O 6. Bd3 Nbd7 7. O-O c6 8. Re1 b5 9. a4 b4 10. Ne2 a5 11. b3 c5 0-1

[Event "Junior Online 4NCL Division 3"]
[Site "online"]
[Date "2021.03.18"]
[EventDate "2021.03.18"]
[Round "5.15"]
[White "Barringer-Allen, William B"]
[WhiteElo "1340"]
[WhiteTeam "Edgware Gambits C"]
[Black "Sarkar, Rian"]
[BlackElo "1592"]
[BlackTeam "Barnet Knights B"]
[Result "0-1"]
[PlyCount "106"]

1. d4 Nf6 2. Nc3 g6 3. e4 d6 4. Bc4 Bg7 5. Bg5 O-O 6. Qd2 e5 7. d5 Nbd7 8. O-O-O a5 9. a3 b6 10. h4 Ba6 11. Be2 Nc5 12. h5 Qd7 13. h6 Bh8 14. Bxa6 Rxa6 15. f4 Nfxe4 16. Nxe4 Nxe4 17. Qe3 Nxg5 18. fxg5 Qb5 19. Qc3 e4 20. Qb3 Qxb3 21. cxb3 f6 22. Nh3 fxg5 23. Nxg5 Rf2 24. Rd2 Rxd2 25. Kxd2 Bxb2 26. a4 Ra8 27. Rf1 Re8 28. Ne6 c6 29. Kc2 cxd5 30. Kxb2 Rxe6 31. Rd1 e3 32. Kc3 Re4 33. Re1 Kf7 34. Kd3 Kf6 35. Rxe3 Rxe3+ 36. Kxe3 Ke5 37. Kd3 Kf4 38. Kd4 g5 39. Kxd5 g4 40. g3+ Kxg3 41. Kxd6 Kf2 42. Kc6 g3 43. Kxb6 g2 44. Kxa5 g1=Q 45. b4 Ke3 46. b5 Kd4 47. b6 Qg2 48. Ka6 Qa8+ 49. Kb5 Qb7 50. a5 Kd5 51. a6 Qc6+ 52. Ka5 Kc5 53. a7 Qb5# 0-1

[Event "Junior Online 4NCL Division 3"]
[Site "online"]
[Date "2021.03.18"]
[EventDate "2021.03.18"]
[Round "5.16"]
[White "Gardner, Kai"]
[WhiteElo "1487"]
[WhiteTeam "Barnet Knights B"]
[Black "Gill, Veer"]
[BlackElo "1306"]
[BlackTeam "Edgware Gambits C"]
[Result "0-1"]
[PlyCount "52"]

1. e4 e6 2. c4 c6 3. Nc3 d5 4. cxd5 cxd5 5. exd5 exd5 6. d4 Nf6 7. Nf3 Nc6 8. Bd3 Bd6 9. O-O O-O 10. h3 h6 11. Re1 Be6 12. Be3 Qd7 13. Qc2 Rfe8 14. Rad1 Nb4 15. Qd2 Nxd3 16. Qxd3 Bf5 17. Qd2 Rac8 18. Rc1 Bb4 19. a3 Ba5 20. b4 Bc7 21. Ne2 Ne4 22. Qd1 Bb8 23. Nh4 Bxh3 24. gxh3 Qxh3 25. f4 Qxe3+ 26. Kh1 Nf2+ 0-1

[Event "Junior Online 4NCL Division 3"]
[Site "online"]
[Date "2021.03.18"]
[EventDate "2021.03.18"]
[Round "5.17"]
[White "Milani-Foglia, Aurelio"]
[WhiteElo "1281"]
[WhiteTeam "Edgware Gambits C"]
[Black "Tokar, Kyrylo"]
[BlackElo "1479"]
[BlackTeam "Barnet Knights B"]
[Result "0-1"]
[PlyCount "56"]

1. e4 c5 2. c3 e6 3. d4 d5 4. Nd2 Nc6 5. Ngf3 Bd7 6. Be2 Be7 7. O-O dxe4 8. Nxe4 cxd4 9. cxd4 Nf6 10. Nxf6+ Bxf6 11. Be3 O-O 12. Re1 Qc7 13. Rc1 Rfc8 14. Qd2 Qd6 15. Bf4 e5 16. dxe5 Qxd2 17. Nxd2 Nxe5 18. Bxe5 Bxe5 19. Ba6 Rxc1 20. Rxc1 bxa6 21. Rd1 Bxb2 22. Nc4 Ba4 23. Rb1 Bf6 24. Rb4 Bb5 25. Nd6 Rd8 26. Rb1 Rxd6 27. Re1 Rd2 28. Re8+ Bxe8 0-1

[Event "Junior Online 4NCL Division 3"]
[Site "online"]
[Date "2021.03.18"]
[EventDate "2021.03.18"]
[Round "5.18"]
[White "Belur, Ankita"]
[WhiteElo "1457"]
[WhiteTeam "Barnet Knights B"]
[Black "Zhou, Richard"]
[BlackElo "1300"]
[BlackTeam "Edgware Gambits C"]
[Result "1-0"]
[PlyCount "81"]

1. c4 e5 2. Nc3 Nf6 3. Nf3 Bb4 4. Qc2 Nc6 5. a3 Be7 6. g3 d6 7. Bg2 Bd7 8. O-O O-O 9. b4 a5 10. b5 Na7 11. Ng5 h6 12. Nge4 Nxe4 13. Nxe4 Bf5 14. Bb2 Bh7 15. d3 Rc8 16. Rab1 c6 17. bxc6 bxc6 18. Qd2 Bf6 19. Bc3 Bxe4 20. Bxe4 d5 21. Bxa5 Qd7 22. Bg2 dxc4 23. dxc4 Qxd2 24. Bxd2 Rfd8 25. Ba5 Rd4 26. Bb6 Rb8 27. Bxa7 Rxb1 28. Rxb1 Rxc4 29. h3 c5 30. Rb5 Be7 31. Bd5 Rc1+ 32. Kh2 c4 33. Rb7 Bxa3 34. Bxf7+ Kh7 35. Rc7 c3 36. Bb3 Bb2 37. Be3 Re1 38. Bc2+ Kg8 39. Bd3 e4 40. Bxe4 Rxe2 41. Kg2 1-0

[Event "Junior Online 4NCL Division 3"]
[Site "online"]
[Date "2021.03.18"]
[EventDate "2021.03.18"]
[Round "5.21"]
[White "Kapoor, Gurveen"]
[WhiteElo "1877"]
[WhiteTeam "Maidenhead Juniors 1"]
[Black "Israni, Ishita"]
[BlackElo "302"]
[BlackTeam "East Kilbride Rooks"]
[Result "1-0"]
[PlyCount "57"]

1. d4 d5 2. Nc3 Nf6 3. Bf4 Nc6 4. e3 Bf5 5. Nb5 Rc8 6. c3 a6 7. Nxc7+ Rxc7 8. Bxc7 Qxc7 9. Bd3 Bg6 10. Bxg6 fxg6 11. Ne2 e6 12. Nf4 Bd6 13. Nxe6 Qd7 14. Ng5 Nd8 15. Qb3 Qc7 16. h4 h6 17. Nf3 Ng4 18. Qxd5 Nf6 19. Qb3 b5 20. a4 Ne4 21. axb5 a5 22. Qc2 Ng3 23. Qxg6+ Nf7 24. Rh3 Rf8 25. fxg3 Kd8 26. e4 Re8 27. e5 Be7 28. b6 Qc4 29. Rxa5 1-0

[Event "Junior Online 4NCL Division 3"]
[Site "online"]
[Date "2021.03.18"]
[EventDate "2021.03.18"]
[Round "5.22"]
[White "Biswas, Snigdha"]
[WhiteElo "295"]
[WhiteTeam "East Kilbride Rooks"]
[Black "Suyash Srikanta Prasad"]
[BlackElo "1735"]
[BlackTeam "Maidenhead Juniors 1"]
[Result "0-1"]
[PlyCount "98"]

1. e4 c5 2. Nf3 d6 3. Nc3 Nf6 4. Bb5+ Bd7 5. Bc4 e6 6. d3 Be7 7. Bg5 h6 8. Bxf6 Bxf6 9. h3 a6 10. Qe2 b5 11. Bb3 Nc6 12. a4 b4 13. Na2 Bxb2 14. Rb1 Bf6 15. O-O O-O 16. Bc4 Na5 17. e5 dxe5 18. Nxe5 Bxe5 19. Qxe5 Nxc4 20. dxc4 Bxa4 21. c3 b3 22. Nc1 Qf6 23. Qxc5 Qxc3 24. Ne2 Qc2 25. Nd4 Qe4 26. f3 Qe3+ 27. Kh1 Rac8 28. Qa5 Qxd4 29. Qxa4 Qxc4 30. Qxb3 Qxb3 31. Rxb3 Rc6 32. g4 Ra8 33. h4 a5 34. Rbb1 a4 35. h5 a3 36. Rg1 a2 37. Ra1 Rc3 38. f4 Rf3 39. f5 exf5 40. gxf5 Rxf5 41. Rg2 Rxh5+ 42. Kg1 Rg5 43. Rxg5 hxg5 44. Kg2 f5 45. Kg3 Kf7 46. Kf3 Kf6 47. Kg3 g4 48. Kf4 Ra3 49. Rf1 g5# 0-1

[Event "Junior Online 4NCL Division 3"]
[Site "online"]
[Date "2021.03.18"]
[EventDate "2021.03.18"]
[Round "5.23"]
[White "Koppuravuri, Shrihan"]
[WhiteElo "1552"]
[WhiteTeam "Maidenhead Juniors 1"]
[Black "Vusikala, Tarun"]
[BlackElo "211"]
[BlackTeam "East Kilbride Rooks"]
[Result "1-0"]
[PlyCount "53"]

1. e4 c5 2. Nf3 Nc6 3. Bc4 e5 4. Nc3 Bd6 5. O-O Nf6 6. d3 O-O 7. Bg5 Be7 8. Qd2 d6 9. h3 Be6 10. Rad1 d5 11. Bxf6 Bxf6 12. exd5 Bxd5 13. Bxd5 e4 14. dxe4 Bxc3 15. Qxc3 Nb4 16. Bxf7+ Rxf7 17. Rxd8+ Rxd8 18. a3 Na2 19. Qb3 c4 20. Qxa2 b5 21. a4 a6 22. b3 cxb3 23. Qxb3 bxa4 24. Qxa4 Rd6 25. Qc4 a5 26. Ne5 Kf8 27. Qxf7# 1-0

[Event "Junior Online 4NCL Division 3"]
[Site "online"]
[Date "2021.03.18"]
[EventDate "2021.03.18"]
[Round "5.25"]
[White "Israni, Ishita"]
[WhiteElo "302"]
[WhiteTeam "East Kilbride Rooks"]
[Black "Kapoor, Gurveen"]
[BlackElo "1877"]
[BlackTeam "Maidenhead Juniors 1"]
[Result "0-1"]
[PlyCount "82"]

1. e4 c5 2. Nf3 e6 3. Nc3 Nc6 4. Bc4 a6 5. a3 Qc7 6. O-O b5 7. Ba2 Nf6 8. d3 Bb7 9. g3 Be7 10. Bf4 d6 11. Qe2 Nd4 12. Nxd4 cxd4 13. Nd1 e5 14. Bg5 h6 15. Bxf6 Bxf6 16. c3 O-O 17. cxd4 exd4 18. f3 a5 19. Nf2 Rac8 20. Rac1 Qb6 21. Ng4 Be7 22. f4 b4 23. axb4 axb4 24. Bd5 Bxd5 25. exd5 Rxc1 26. Rxc1 Re8 27. Qe4 h5 28. Nf2 Qb5 29. Nh3 Bf6 30. Rc8 Rxc8 31. Qf3 Rc1+ 32. Kg2 Rc2+ 33. Nf2 h4 34. gxh4 Bxh4 35. Qg4 Bxf2 36. Kh3 Qxd3+ 37. Kg2 Be1+ 38. Kg1 Qe3+ 39. Kh1 Qf2 40. Qg1 Qf3+ 41. Qg2 Qxg2# 0-1

[Event "Junior Online 4NCL Division 3"]
[Site "online"]
[Date "2021.03.18"]
[EventDate "2021.03.18"]
[Round "5.26"]
[White "Suyash Srikanta Prasad"]
[WhiteElo "1735"]
[WhiteTeam "Maidenhead Juniors 1"]
[Black "Biswas, Snigdha"]
[BlackElo "295"]
[BlackTeam "East Kilbride Rooks"]
[Result "1-0"]
[PlyCount "73"]

1. e4 e5 2. Nf3 Nc6 3. Bc4 Bc5 4. Nc3 Nf6 5. h3 d6 6. d3 h5 7. Bg5 Bb4 8. a3 Bxc3+ 9. bxc3 Be6 10. Bxe6 fxe6 11. d4 exd4 12. cxd4 Qd7 13. Bxf6 gxf6 14. O-O O-O-O 15. Rb1 Rhg8 16. Qd3 Qg7 17. g3 e5 18. dxe5 Nxe5 19. Nxe5 fxe5 20. Qb3 b6 21. Qe6+ Kb7 22. a4 h4 23. g4 Rde8 24. Qd5+ Kb8 25. a5 Rc8 26. axb6 axb6 27. Ra1 c6 28. Qxd6+ Kb7 29. Ra3 Rcd8 30. Qb4 Rd4 31. Qc3 Rxe4 32. Qf3 Rf4 33. Qg2 Qe7 34. Rfa1 Qc5 35. Ra7+ Kb8 36. Ra8+ Kb7 37. R1a7# 1-0

[Event "Junior Online 4NCL Division 3"]
[Site "online"]
[Date "2021.03.18"]
[EventDate "2021.03.18"]
[Round "5.27"]
[White "Vusikala, Tarun"]
[WhiteElo "211"]
[WhiteTeam "East Kilbride Rooks"]
[Black "Koppuravuri, Shrihan"]
[BlackElo "1552"]
[BlackTeam "Maidenhead Juniors 1"]
[Result "0-1"]
[PlyCount "102"]

1. e4 e5 2. Nf3 Nc6 3. Nc3 Nf6 4. d4 d6 5. d5 Ne7 6. Bc4 a6 7. Bg5 Ng6 8. Bxf6 Qxf6 9. O-O Bg4 10. h3 Bxf3 11. Qxf3 Qxf3 12. gxf3 Be7 13. Ne2 O-O 14. h4 Nxh4 15. f4 exf4 16. Nxf4 Nf3+ 17. Kg2 Nd2 18. Rfd1 Nxc4 19. b3 Nb6 20. c4 Nd7 21. Nd3 Bf6 22. e5 Nxe5 23. Nxe5 Bxe5 24. Rac1 b5 25. a4 bxa4 26. bxa4 a5 27. Kf3 Rab8 28. Ke4 f5+ 29. Ke3 Rb3+ 30. Ke2 Ra3 31. Rf1 Rxa4 32. f4 Ra2+ 33. Kd3 Bf6 34. c5 Ra3+ 35. Kc4 dxc5 36. Kxc5 Rc3+ 37. Rxc3 Bxc3 38. Rc1 Bb4+ 39. Kb5 Rc8 40. d6 Bxd6 41. Kxa5 Bxf4 42. Rc4 Bd6 43. Ka6 f4 44. Kb7 Rf8 45. Rc6 f3 46. Rxd6 cxd6 47. Kc6 f2 48. Kxd6 f1=Q 49. Ke7 Qf6+ 50. Kd7 Rf7+ 51. Ke8 Qe7# 0-1